|
|
|
|
| LEADER |
00000nam0a2200000 4500 |
| 001 |
322393 |
| 005 |
20240619153515.0 |
| 010 |
|
|
|a 5763200535
|
| 035 |
|
|
|a (RuTPU)RU\TPU\book\347952
|
| 090 |
|
|
|a 322393
|
| 100 |
|
|
|a 20160926d1995 m y0rusy50 ca
|
| 101 |
0 |
|
|a rus
|
| 102 |
|
|
|a RU
|
| 105 |
|
|
|a y z 001ac
|
| 200 |
1 |
|
|a Сокровенные истории дома Романовых
|f В. Н. Балязин
|
| 210 |
|
|
|a Москва
|c Армада
|d 1995
|
| 215 |
|
|
|a 477 с.
|
| 225 |
1 |
|
|a Романовы. Семейная хроника
|
| 320 |
|
|
|a Библиогр.: с. 471-474
|
| 330 |
|
|
|a В книге собраны истории, рассказывающие о малоизвестных страницах жизни семьи Романовых, правившей Россией три столетия,
|
| 600 |
|
0 |
|a Михаил Федорович
|c первый русский царь из династии Романовых (1613-1645)
|f 1596-1645
|2 stltpush
|3 (RuTPU)RU\TPU\pers\10059
|9 2151
|
| 600 |
|
0 |
|a Алексей Михайлович
|c русский царь из династии Романовых (1645-1676)
|f 1629-1676
|2 stltpush
|3 (RuTPU)RU\TPU\pers\10058
|9 2150
|
| 600 |
|
0 |
|a Петр Великий
|d I
|f 1672-1725
|c российский царь из династии Романовых (1682-1725)
|c первый российский император
|2 stltpush
|3 (RuTPU)RU\TPU\pers\365
|
| 600 |
|
0 |
|a Екатерина Великая
|d II
|f 1729-1796
|c российская императрица (1762-1796)
|c урожденная принцесса Софья Фредерика Августа Ангальт-Цербстская
|2 stltpush
|3 (RuTPU)RU\TPU\pers\98
|
| 600 |
|
0 |
|a Павел
|d I
|f 1754-1801
|c российский император из династии Романовых (1796-1801)
|2 stltpush
|3 (RuTPU)RU\TPU\pers\358
|
| 600 |
|
0 |
|a Александр
|d I
|c российский император из династии Романовых (1801-1825)
|f 1777-1825
|2 stltpush
|3 (RuTPU)RU\TPU\pers\8
|
| 600 |
|
0 |
|a Александр
|d III
|f 1845-1894
|c российский император из династии Романовых (1881-1894)
|2 stltpush
|3 (RuTPU)RU\TPU\pers\548
|
| 600 |
|
0 |
|a Николай
|d II
|f 1868-1918
|c последний российский император из династии Романовых (1894-1917)
|2 stltpush
|3 (RuTPU)RU\TPU\pers\336
|
| 602 |
|
|
|a Романовы
|f 1613-1917
|c боярский род, царская фамилия с 1613, императорская фамилия с 1721 по 1917
|2 stltpush
|3 (RuTPU)RU\TPU\pers\405
|9 200
|
| 606 |
1 |
|
|a Русская литература современная
|2 stltpush
|3 (RuTPU)RU\TPU\subj\26373
|9 50316
|
| 610 |
1 |
|
|a Россия
|
| 610 |
1 |
|
|a история
|
| 610 |
1 |
|
|a династии
|
| 610 |
1 |
|
|a империя
|
| 675 |
|
|
|a Р2
|v 3
|
| 700 |
|
1 |
|a Балязин
|b В. Н.
|g Вольдемар Николаевич
|
| 801 |
|
1 |
|a RU
|b 63413507
|c 20160926
|
| 801 |
|
2 |
|a RU
|b 63413507
|c 20161003
|g RCR
|
| 942 |
|
|
|c BK
|